000 00711nam a22002890a 4500
001 PT50948
003 AR-LpoUNG
005 20210131231403.0
008 191001s1998||||ag |||||||||||||||||spa d
020 _a9879216350
_c$16
040 _aAR-LpoUNG
_bspa
_cAR-LpoUNG
_eaacr
041 _aspa
044 _aag
082 0 _aA863 162par
100 1 _aLaferrère, Gregorio de
245 1 3 _aEl paraguas misterioso
250 _a1ra. ed.
260 _aRosario :
_bAmeghino,
_c1998.
300 _a126 p. :
_bil.
650 4 _aARGENTINA
650 4 _aLITERATURA
650 4 _aNOVELAS
651 4 _aDOCUMENTOS TEORICOS O METODOLOGICOS
700 1 _aImbert, Julio
_eed.
905 _a50948
942 _cLIB
999 _c9752
_d9752